[Event "Canarias en Red final playoff"]
[Site "Playchess.com INT"]
[Date "2004.05.09"]
[Round "2.3"]
[White "Dreev, Alexey"]
[Black "Karjakin, Sergey"]
[Result "1-0"]
[WhiteElo "2682"]
[BlackElo "2566"]
[PlyCount "141"]
[EventDate "2004.05.09"]
[EventType "k.o. (blitz)"]
[EventRounds "3"]
[EventCountry "GER"]
[SourceTitle "EXT 2005"]
[Source "ChessBase"]
[SourceDate "2004.11.15"]
[SourceVersion "1"]
[SourceVersionDate "2004.11.15"]
[SourceQuality "1"]

1. d4 d5 2. c4 dxc4 3. e4 Nf6 4. e5 Nd5 5. Bxc4 Nb6 6. Bd3 Nc6 7. Ne2 Bg4 8. f3
Be6 9. Nbc3 Bc4 10. Bxc4 Nxc4 11. Qb3 Nb6 12. e6 fxe6 13. Be3 Qd7 14. O-O O-O-O
15. Rac1 g6 16. Ne4 Qd5 17. Qc2 e5 18. Rfd1 exd4 19. Bxd4 Qg8 20. Bxh8 Rxd1+
21. Rxd1 Qxh8 22. Nf4 Qe5 23. Nd3 Qd4+ 24. Ndf2 Qe5 25. Qc3 Bg7 26. Qxe5 Bxe5
27. Nd3 Bd4+ 28. Kh1 Nc4 29. b3 Nd6 30. Ng5 h6 31. Ne6 Bf6 32. Ndf4 g5 33. Nd5
Kd7 34. Nc5+ Kc8 35. Nxf6 exf6 36. h4 gxh4 37. Kh2 Ne5 38. Kh3 Nf5 39. Ne4 Nd7
40. Re1 h5 41. Ng3 Nd6 42. Nxh5 c5 43. Kxh4 Nf5+ 44. Kg4 Nd4 45. f4 b5 46. Ng7
c4 47. bxc4 bxc4 48. Rc1 Nb6 49. Nf5 Nb5 50. a4 Na3 51. a5 Nd5 52. Nd6+ Kd7 53.
Ne4 Ke6 54. Nc5+ Kd6 55. Na4 Ke6 56. g3 f5+ 57. Kg5 Ne7 58. Re1+ Kd6 59. Nc3
Nc2 60. Rd1+ Ke6 61. Rd2 Nb4 62. Re2+ Kd6 63. Rd2+ Nd3 64. Re2 Nc5 65. Re5 Nc6
66. Rd5+ Ke6 67. Rxc5 Nd4 68. Re5+ Kd6 69. Rxf5 Nf3+ 70. Kg4 Nd4 71. Rd5+ 1-0

[Event "Canarias en Red final playoff"]
[Site "Playchess.com INT"]
[Date "2004.05.09"]
[Round "2.4"]
[White "Karjakin, Sergey"]
[Black "Dreev, Alexey"]
[Result "1/2-1/2"]
[WhiteElo "2566"]
[BlackElo "2682"]
[PlyCount "101"]
[EventDate "2004.05.09"]
[EventType "k.o. (blitz)"]
[EventRounds "3"]
[EventCountry "GER"]
[SourceTitle "EXT 2005"]
[Source "ChessBase"]
[SourceDate "2004.11.15"]
[SourceVersion "1"]
[SourceVersionDate "2004.11.15"]
[SourceQuality "1"]

1. e4 c5 2. Nf3 d6 3. d4 Nf6 4. Nc3 cxd4 5. Nxd4 Nc6 6. Bg5 Bd7 7. Qd2 Rc8 8.
f4 Nxd4 9. Qxd4 Qa5 10. e5 dxe5 11. fxe5 e6 12. O-O-O Bc6 13. Bb5 Nd5 14. Nxd5
Bxb5 15. Qxa7 Bb4 16. Qxa5 Bxa5 17. Nc3 Bc6 18. Rd2 Bxc3 19. bxc3 Bd5 20. Kb2
h6 21. Bh4 Rc4 22. Bf2 f5 23. exf6 gxf6 24. Bd4 Rf8 25. Rf1 Ke7 26. Rdf2 f5 27.
g4 Ra8 28. gxf5 Rca4 29. a3 R4a5 30. fxe6 Bxe6 31. Kc1 Rh5 32. Rd2 Rxa3 33.
Bf6+ Kf7 34. Bd4+ Rf5 35. Rxf5+ Bxf5 36. Kb2 Ra5 37. Re2 Rb5+ 38. Kc1 Be6 39.
Re5 Rxe5 40. Bxe5 Kg6 41. Bb8 Kf5 42. Kb2 h5 43. Bc7 Bc4 44. Bb8 b5 45. Bc7 Ke4
46. Bb8 Ke3 47. Bc7 Kf3 48. Bb8 h4 49. Bc7 h3 50. Bb8 Ke2 51. Bc7 1/2-1/2

[Event "Canarias en Red final playoff"]
[Site "Playchess.com INT"]
[Date "2004.05.09"]
[Round "3.1"]
[White "Sasikiran, Krishnan"]
[Black "Karjakin, Sergey"]
[Result "1-0"]
[WhiteElo "2654"]
[BlackElo "2566"]
[PlyCount "53"]
[EventDate "2004.05.09"]
[EventType "k.o. (blitz)"]
[EventRounds "3"]
[EventCountry "GER"]
[SourceTitle "EXT 2005"]
[Source "ChessBase"]
[SourceDate "2004.11.15"]
[SourceVersion "1"]
[SourceVersionDate "2004.11.15"]
[SourceQuality "1"]

1. d4 d5 2. c4 c6 3. Nc3 Nf6 4. e3 e6 5. Nf3 Nbd7 6. Bd3 dxc4 7. Bxc4 b5 8. Bd3
a6 9. e4 c5 10. e5 cxd4 11. Nxb5 axb5 12. exf6 gxf6 13. O-O Qb6 14. Qe2 Ba6 15.
Rd1 Rd8 16. b4 Bxb4 17. Rb1 Bc3 18. Ba3 Qc6 19. Bxb5 Bxb5 20. Rxb5 Ra8 21. Bb4
Rxa2 22. Nxd4 Bxd4 23. Qxa2 Bxf2+ 24. Kxf2 Qxb5 25. Qa8+ Qb8 26. Ra1 Rg8 27.
Bd6 1-0

[Event "Canarias en Red final playoff"]
[Site "Playchess.com INT"]
[Date "2004.05.09"]
[Round "3.2"]
[White "Karjakin, Sergey"]
[Black "Sasikiran, Krishnan"]
[Result "1-0"]
[WhiteElo "2566"]
[BlackElo "2654"]
[PlyCount "121"]
[EventDate "2004.05.09"]
[EventType "k.o. (blitz)"]
[EventRounds "3"]
[EventCountry "GER"]
[SourceTitle "EXT 2005"]
[Source "ChessBase"]
[SourceDate "2004.11.15"]
[SourceVersion "1"]
[SourceVersionDate "2004.11.15"]
[SourceQuality "1"]

1. e4 e5 2. Nf3 Nc6 3. Bb5 a6 4. Ba4 Nf6 5. O-O Be7 6. Re1 b5 7. Bb3 d6 8. c3
O-O 9. h3 Nb8 10. d4 Nbd7 11. Nbd2 Bb7 12. Bc2 Re8 13. Nf1 Bf8 14. Ng3 g6 15.
b3 c6 16. Bg5 Bg7 17. Qd2 Qe7 18. Rad1 Qf8 19. Nf1 h6 20. Bh4 Rac8 21. N1h2
exd4 22. cxd4 c5 23. e5 Nd5 24. e6 Rxe6 25. Rxe6 fxe6 26. Bxg6 cxd4 27. Nxd4
Nf4 28. Bg3 Nxg6 29. Nxe6 Qf6 30. Nxg7 Kxg7 31. Ng4 Qg5 32. Qxd6 Ndf8 33. Qd4+
Kf7 34. h4 Qh5 35. Re1 Rc6 36. Qa7 Qxg4 37. Qxb7+ Qd7 38. Qa8 h5 39. Kh2 Ne7
40. Re3 Nfg6 41. Rf3+ Rf6 42. Rxf6+ Kxf6 43. Qxa6+ Kg7 44. a4 bxa4 45. bxa4 Nf5
46. Qb5 Qxb5 47. axb5 Nxg3 48. Kxg3 Kf6 49. b6 Ne5 50. b7 Nd7 51. Kf4 Kg6 52.
f3 Kf6 53. g4 Kg6 54. Ke3 hxg4 55. fxg4 Kf6 56. Kd4 Ke6 57. h5 Kf6 58. Kd5 Kg5
59. Kd6 Nb8 60. Kc7 Na6+ 61. Kc8 1-0

[Event "Canarias en Red final playoff"]
[Site "Playchess.com INT"]
[Date "2004.05.09"]
[Round "3.3"]
[White "Sasikiran, Krishnan"]
[Black "Karjakin, Sergey"]
[Result "1/2-1/2"]
[WhiteElo "2654"]
[BlackElo "2566"]
[PlyCount "62"]
[EventDate "2004.05.09"]
[EventType "k.o. (blitz)"]
[EventRounds "3"]
[EventCountry "GER"]
[SourceTitle "EXT 2005"]
[Source "ChessBase"]
[SourceDate "2004.11.15"]
[SourceVersion "1"]
[SourceVersionDate "2004.11.15"]
[SourceQuality "1"]

1. Nf3 d5 2. d4 Nf6 3. c4 dxc4 4. e3 e6 5. Bxc4 a6 6. O-O c5 7. Bb3 b5 8. a4 b4
9. Nbd2 Bb7 10. e4 Be7 11. e5 Nfd7 12. Nc4 O-O 13. Bf4 cxd4 14. Nxd4 Nc5 15.
Bc2 Nc6 16. Nxc6 Bxc6 17. Nd6 Bxd6 18. exd6 Bd5 19. Rc1 Rc8 20. Qd4 Nd7 21.
Qxb4 Qf6 22. Qd2 g6 23. Bd3 Nc5 24. Rxc5 Rxc5 25. Bxa6 Qf5 26. Bd3 Be4 27. Bb5
e5 28. Bh6 Bxg2 29. Kxg2 Qg4+ 30. Kh1 Qf3+ 31. Kg1 Qg4+ 1/2-1/2

[Event "Canarias en Red final playoff"]
[Site "Playchess.com INT"]
[Date "2004.05.09"]
[Round "3.4"]
[White "Karjakin, Sergey"]
[Black "Sasikiran, Krishnan"]
[Result "0-1"]
[WhiteElo "2566"]
[BlackElo "2654"]
[PlyCount "128"]
[EventDate "2004.05.09"]
[EventType "k.o. (blitz)"]
[EventRounds "3"]
[EventCountry "GER"]
[SourceTitle "EXT 2005"]
[Source "ChessBase"]
[SourceDate "2004.11.15"]
[SourceVersion "1"]
[SourceVersionDate "2004.11.15"]
[SourceQuality "1"]

1. e4 e5 2. Nf3 Nc6 3. Bb5 a6 4. Ba4 Nf6 5. O-O Be7 6. Re1 b5 7. Bb3 d6 8. c3
O-O 9. h3 Nb8 10. d4 Nbd7 11. Nbd2 Bb7 12. Bc2 Re8 13. Nf1 Bf8 14. Ng3 g6 15.
a4 Bg7 16. Bd3 c6 17. b4 Qc7 18. Bg5 Nf8 19. Qd2 Ne6 20. Be3 Nd7 21. axb5 axb5
22. dxe5 Nxe5 23. Nxe5 Bxe5 24. f4 Bg7 25. f5 Nf8 26. Bd4 Nd7 27. Rxa8 Bxa8 28.
Rf1 Ne5 29. f6 Bf8 30. Be3 Re6 31. Bh6 Qd8 32. Bxf8 Qxf8 33. Bc2 Nd7 34. Qd4
Qd8 35. Qa7 Nxf6 36. Bb3 Re7 37. Qf2 Nd7 38. Bxf7+ Kg7 39. Qf4 Qf8 40. Bb3 Qxf4
41. Rxf4 c5 42. Rf2 Nf6 43. Rd2 cxb4 44. cxb4 Nxe4 45. Nxe4 Rxe4 46. Rxd6 Rxb4
47. Rd7+ Kf6 48. Bc2 Rb2 49. Bd3 Rxg2+ 50. Kf1 Rg3 51. Bxb5 Rxh3 52. Ra7 Be4
53. Ra5 h5 54. Be8 h4 55. Kf2 Rf3+ 56. Kg1 h3 57. Ra6+ Kg5 58. Bd7 Rd3 59. Bc8
Kh4 60. Ra4 Kg3 61. Bxh3 Rd1+ 62. Bf1 Bd3 63. Ra1 Rxa1 64. Kh1 Rxf1# 0-1

[Event "ACP Blitz Prelim3 3rd"]
[Site "Playchess.com INT"]
[Date "2004.06.02"]
[Round "1"]
[White "Macieja, Bartlomiej"]
[Black "Karjakin, Sergey"]
[Result "0-1"]
[WhiteElo "2653"]
[BlackElo "2566"]
[PlyCount "106"]
[EventDate "2004.06.02"]
[EventType "tourn (blitz)"]
[EventRounds "22"]
[EventCountry "GER"]
[EventCategory "12"]
[SourceTitle "CBM 100 Extra"]
[Source "ChessBase"]
[SourceDate "2004.07.06"]
[SourceVersion "2"]
[SourceVersionDate "2004.07.06"]
[SourceQuality "1"]

1. e4 c5 2. Nc3 d6 3. f4 g6 4. Nf3 Bg7 5. Bc4 Nc6 6. d3 e6 7. O-O Nge7 8. Qe1
O-O 9. f5 gxf5 10. Qg3 fxe4 11. dxe4 Ng6 12. Bg5 f6 13. Bf4 Nxf4 14. Qxf4 Ne5
15. Nxe5 dxe5 16. Qf2 Qd4 17. Be2 Bd7 18. Rad1 Qxf2+ 19. Rxf2 Rad8 20. Bc4 Bc8
21. Rfd2 Rd4 22. b3 Rfd8 23. Rd3 a6 24. a4 Kf7 25. Ne2 Rxd3 26. Rxd3 Rxd3 27.
Bxd3 Bd7 28. g4 Bh6 29. Kf2 Bd2 30. h3 b5 31. axb5 axb5 32. c4 b4 33. Ng1 Bc3
34. Nf3 h6 35. Kg3 Kg7 36. Bc2 f5 37. exf5 exf5 38. gxf5 Kf6 39. Kg4 Bxf5+ 40.
Bxf5 h5+ 41. Kxh5 Kxf5 42. h4 e4 43. Ng1 e3 44. Ne2 Bf6 45. Nc1 Kf4 46. Ne2+
Kf3 47. Ng1+ Kg2 48. Ne2 Kf2 49. Nf4 e2 50. Kg6 Bxh4 51. Kf5 e1=Q 52. Nd3+ Ke2
53. Nxe1 Bxe1 0-1

[Event "ACP Blitz Prelim3 3rd"]
[Site "Playchess.com INT"]
[Date "2004.06.02"]
[Round "6"]
[White "Paehtz, Elisabeth"]
[Black "Karjakin, Sergey"]
[Result "0-1"]
[WhiteElo "2399"]
[BlackElo "2566"]
[PlyCount "120"]
[EventDate "2004.06.02"]
[EventType "tourn (blitz)"]
[EventRounds "22"]
[EventCountry "GER"]
[EventCategory "12"]
[SourceTitle "CBM 100 Extra"]
[Source "ChessBase"]
[SourceDate "2004.07.06"]
[SourceVersion "2"]
[SourceVersionDate "2004.07.06"]
[SourceQuality "1"]

1. e4 c5 2. Nc3 d6 3. Nge2 a6 4. d4 cxd4 5. Nxd4 Nf6 6. Bg5 e6 7. f4 Qb6 8. Qd2
Nc6 9. Bxf6 gxf6 10. Nb3 Bd7 11. O-O-O O-O-O 12. Be2 h5 13. Kb1 Kb8 14. Rhf1
Be7 15. Rf3 Rdg8 16. Bf1 Rc8 17. Rg3 h4 18. Rh3 Na5 19. Qe1 Nxb3 20. axb3 Rhe8
21. Qe2 Rh8 22. Qe1 Rhe8 23. Qe2 Bc6 24. Qh5 Rf8 25. Qxh4 Rc7 26. f5 Qa5 27.
Qf4 b5 28. fxe6 fxe6 29. Rh7 b4 30. Ne2 e5 31. Qh6 Bxe4 32. Rd2 Bxh7 33. Qxh7
d5 34. Ng3 e4 35. Nf5 Bc5 36. Qh6 Rd7 37. Bc4 Rfd8 38. Be2 Qb6 39. Rd1 a5 40.
Qf4+ Ka7 41. h4 Bd6 42. Qd2 Be5 43. h5 d4 44. Bc4 d3 45. cxd3 exd3 46. h6 a4
47. bxa4 Rc7 48. b3 Bc3 49. Qf4 Rcd7 50. Ne3 d2 51. Ng4 Rd4 52. Qf3 Qb7 53.
Nxf6 Qxf3 54. gxf3 Rxc4 55. bxc4 Bxf6 56. Kc2 Kb6 57. Rxd2 b3+ 58. Kd1 b2 59.
Rxd8 b1=Q+ 60. Ke2 Bxd8 0-1

[Event "ACP Blitz Prelim3 3rd"]
[Site "Playchess.com INT"]
[Date "2004.06.02"]
[Round "8"]
[White "Vasilevich, Tatjana"]
[Black "Karjakin, Sergey"]
[Result "0-1"]
[WhiteElo "2393"]
[BlackElo "2566"]
[PlyCount "84"]
[EventDate "2004.06.02"]
[EventType "tourn (blitz)"]
[EventRounds "22"]
[EventCountry "GER"]
[EventCategory "12"]
[SourceTitle "CBM 100 Extra"]
[Source "ChessBase"]
[SourceDate "2004.07.06"]
[SourceVersion "2"]
[SourceVersionDate "2004.07.06"]
[SourceQuality "1"]

1. d4 d5 2. c4 c6 3. Nf3 Nf6 4. Nc3 e6 5. Bg5 h6 6. Bxf6 Qxf6 7. Qb3 dxc4 8.
Qxc4 Nd7 9. e4 e5 10. d5 Nb6 11. Qb3 Bc5 12. Be2 O-O 13. O-O Bg4 14. Rac1 Rac8
15. h3 Bxf3 16. Bxf3 Bd4 17. Bg4 Rcd8 18. dxc6 bxc6 19. Ne2 c5 20. Qb5 c4 21.
a4 a6 22. Qb4 a5 23. Qb5 Rd6 24. Rc2 Rb8 25. Nxd4 Rxd4 26. Qxa5 Ra8 27. Qb5
Rxa4 28. Bf5 g6 29. Bg4 h5 30. Bf3 Qd6 31. Rfc1 Kg7 32. Kh2 Rb4 33. Qa5 Na4 34.
Be2 Nxb2 35. Rb1 Nd3 36. Rxb4 Nxb4 37. Rxc4 Nc6 38. Qa6 Rxc4 39. Qxc4 Nd4 40.
Bf1 Qf6 41. Qa2 Qf4+ 42. Kg1 Qxe4 0-1

[Event "ACP Blitz Prelim3 3rd"]
[Site "Playchess.com INT"]
[Date "2004.06.02"]
[Round "12"]
[White "Karjakin, Sergey"]
[Black "Macieja, Bartlomiej"]
[Result "1-0"]
[WhiteElo "2566"]
[BlackElo "2653"]
[PlyCount "121"]
[EventDate "2004.06.02"]
[EventType "tourn (blitz)"]
[EventRounds "22"]
[EventCountry "GER"]
[EventCategory "12"]
[SourceTitle "CBM 100 Extra"]
[Source "ChessBase"]
[SourceDate "2004.07.06"]
[SourceVersion "2"]
[SourceVersionDate "2004.07.06"]
[SourceQuality "1"]

1. e4 c6 2. d4 d5 3. Nc3 dxe4 4. Nxe4 Nd7 5. Ng5 Ngf6 6. Bd3 e6 7. N1f3 Bd6 8.
Qe2 h6 9. Ne4 Nxe4 10. Qxe4 Qc7 11. O-O b6 12. Qg4 Kf8 13. b3 Bb7 14. Bb2 Nf6
15. Qh4 Be7 16. Ne5 Nd7 17. Nxd7+ Qxd7 18. Qh3 Bf6 19. Rad1 c5 20. Be2 cxd4 21.
c3 Rc8 22. Rd2 g6 23. Rfd1 Kg7 24. Rxd4 Bxd4 25. Rxd4 Qe7 26. c4 f6 27. Rg4
Rcd8 28. Qg3 g5 29. h4 Kf7 30. hxg5 hxg5 31. Bc3 Qd6 32. Qxd6 Rxd6 33. f4 Rg8
34. fxg5 Rxg5 35. Rxg5 fxg5 36. Kf2 Be4 37. g4 Bb1 38. a3 Ba2 39. b4 Rc6 40. c5
bxc5 41. b5 Rd6 42. a4 c4 43. a5 Rd5 44. b6 axb6 45. a6 Rd7 46. Bf3 Ra7 47. Bb7
Bb1 48. Ke3 Bd3 49. Bd4 Bf1 50. Bxb6 Rxa6 51. Bxa6 e5 52. Bd8 Kg6 53. Bc8 Bg2
54. Bf5+ Kh6 55. Bf6 Bd5 56. Bxe5 Bf7 57. Kd4 Bg8 58. Kc5 Bf7 59. Kd6 Bg8 60.
Ke7 Bd5 61. Kf8 1-0

[Event "ACP Blitz Prelim3 3rd"]
[Site "Playchess.com INT"]
[Date "2004.06.02"]
[Round "19"]
[White "Karjakin, Sergey"]
[Black "Vasilevich, Tatjana"]
[Result "1-0"]
[WhiteElo "2566"]
[BlackElo "2393"]
[PlyCount "69"]
[EventDate "2004.06.02"]
[EventType "tourn (blitz)"]
[EventRounds "22"]
[EventCountry "GER"]
[EventCategory "12"]
[SourceTitle "CBM 100 Extra"]
[Source "ChessBase"]
[SourceDate "2004.07.06"]
[SourceVersion "2"]
[SourceVersionDate "2004.07.06"]
[SourceQuality "1"]

1. e4 e5 2. Nf3 Nf6 3. Nxe5 d6 4. Nf3 Nxe4 5. d4 d5 6. Bd3 Nc6 7. O-O Bg4 8.
Re1 Be7 9. c3 f5 10. Qb3 O-O 11. Nbd2 Na5 12. Qc2 Nc6 13. b4 a6 14. Ne5 Nxe5
15. dxe5 Bh4 16. Rf1 Bxf2+ 17. Rxf2 Nxf2 18. Kxf2 Qh4+ 19. Kg1 Qe1+ 20. Nf1 f4
21. Bb2 Qxe5 22. c4 Qh5 23. cxd5 f3 24. Ng3 f2+ 25. Kh1 Qh4 26. Rf1 Rae8 27.
Qd2 Qe7 28. h3 Qe1 29. Qg5 Rf7 30. Qxg4 Qd2 31. Qd4 Re1 32. Bxh7+ Kxh7 33. Qxd2
Rxf1+ 34. Nxf1 Rf4 35. Qxf4 1-0

[Event "ACP Blitz Final 3rd"]
[Site "Playchess.com INT"]
[Date "2004.06.05"]
[Round "1.1"]
[White "Karjakin, Sergey"]
[Black "Macieja, Bartlomiej"]
[Result "1-0"]
[WhiteElo "2580"]
[BlackElo "2633"]
[PlyCount "59"]
[EventDate "2004.06.05"]
[EventType "k.o. (blitz)"]
[EventRounds "3"]
[EventCountry "GER"]
[SourceTitle "CBM 100 Extra"]
[Source "ChessBase"]
[SourceDate "2004.07.06"]
[SourceVersion "2"]
[SourceVersionDate "2004.07.06"]
[SourceQuality "1"]

1. e4 e5 2. Nf3 Nf6 3. Nxe5 d6 4. Nf3 Nxe4 5. d4 d5 6. Bd3 Nc6 7. O-O Be7 8.
Nc3 Nxc3 9. bxc3 O-O 10. Re1 Bg4 11. Bf4 Bh5 12. Re3 Bd6 13. Bxd6 Qxd6 14. Qe2
Nd8 15. Bf5 Bg6 16. Bxg6 hxg6 17. Ng5 Qf4 18. Re5 Nc6 19. g3 Qf6 20. Rxd5 Rad8
21. Rxd8 Rxd8 22. h4 Qe7 23. Qb5 Rb8 24. Rb1 Qd7 25. Re1 a6 26. Qb3 b5 27. Qa3
a5 28. Qc5 b4 29. d5 Nd8 30. Qxc7 1-0

[Event "ACP Blitz Final 3rd"]
[Site "Playchess.com INT"]
[Date "2004.06.05"]
[Round "1.2"]
[White "Macieja, Bartlomiej"]
[Black "Karjakin, Sergey"]
[Result "1/2-1/2"]
[WhiteElo "2633"]
[BlackElo "2580"]
[PlyCount "80"]
[EventDate "2004.06.05"]
[EventType "k.o. (blitz)"]
[EventRounds "3"]
[EventCountry "GER"]
[SourceTitle "CBM 100 Extra"]
[Source "ChessBase"]
[SourceDate "2004.07.06"]
[SourceVersion "2"]
[SourceVersionDate "2004.07.06"]
[SourceQuality "1"]

1. e4 c5 2. Nc3 d6 3. f4 g6 4. Nf3 Bg7 5. Bc4 Nc6 6. d3 e6 7. O-O Nge7 8. a3 b6
9. Ba2 O-O 10. Qe1 Nd4 11. Nxd4 cxd4 12. Ne2 Bd7 13. Bb3 Rc8 14. Bd2 Kh8 15.
Kh1 f5 16. Ng1 e5 17. Nf3 fxe4 18. dxe4 Bb5 19. Ng5 Bxf1 20. Qh4 h6 21. Rxf1
Ng8 22. Nf7+ Rxf7 23. Qxd8 Rxd8 24. Bxf7 Rc8 25. Bb3 Nf6 26. Re1 exf4 27. Bxf4
Re8 28. Bf7 Rxe4 29. Rxe4 Nxe4 30. Bxg6 d5 31. Bf7 d3 32. cxd3 Nf2+ 33. Kg1
Nxd3 34. Bd2 Nxb2 35. Bxd5 b5 36. Kf2 Nd1+ 37. Kf3 Nc3 38. Bc6 a5 39. Bxc3 Bxc3
40. Bxb5 Kg7 1/2-1/2

[Event "ACP Blitz Octofinal-C 3rd"]
[Site "Playchess.com INT"]
[Date "2004.06.05"]
[Round "1"]
[White "Karjakin, Sergey"]
[Black "Fressinet, Laurent"]
[Result "1/2-1/2"]
[WhiteElo "2580"]
[BlackElo "2638"]
[PlyCount "108"]
[EventDate "2004.06.05"]
[EventType "tourn (blitz)"]
[EventRounds "12"]
[EventCountry "GER"]
[EventCategory "14"]
[SourceTitle "CBM 100 Extra"]
[Source "ChessBase"]
[SourceDate "2004.07.06"]
[SourceVersion "2"]
[SourceVersionDate "2004.07.06"]
[SourceQuality "1"]

1. e4 e5 2. Nf3 Nc6 3. Bb5 a6 4. Ba4 Nf6 5. O-O Be7 6. Re1 b5 7. Bb3 d6 8. c3
O-O 9. h3 Na5 10. Bc2 c5 11. d4 Nd7 12. Nbd2 cxd4 13. cxd4 Nc6 14. Nb3 a5 15.
Bd3 a4 16. Bxb5 Qb6 17. Bxc6 Qxc6 18. Nbd2 Bf6 19. d5 Qb5 20. Nb1 Nc5 21. Nc3
Qc4 22. Be3 a3 23. Nd2 Qb4 24. Bxc5 Qxc5 25. Qc2 Bd7 26. b3 Bd8 27. Nc4 f5 28.
Qe2 Bh4 29. Rac1 Rf6 30. exf5 Bxf5 31. Ne3 Qb6 32. Nxf5 Rxf5 33. Ne4 Raf8 34.
Rf1 Be7 35. Kh1 Qd4 36. Rfd1 Qa7 37. f3 g5 38. Rc6 Qd7 39. Rdc1 R5f7 40. Rc7
Qf5 41. Ra7 Qg6 42. Rcc7 Qg7 43. Qb5 g4 44. fxg4 Qg6 45. Qe2 Bd8 46. Rxf7 Rxf7
47. Rxf7 Qxf7 48. Nxd6 Qf4 49. Ne4 Bb6 50. d6 Qc1+ 51. Kh2 Bg1+ 52. Kg3 Qf4+
53. Kh4 Qh6+ 54. Kg3 Qf4+ 1/2-1/2

[Event "ACP Blitz Octofinal-C 3rd"]
[Site "Playchess.com INT"]
[Date "2004.06.05"]
[Round "2"]
[White "Karjakin, Sergey"]
[Black "Baklan, Vladimir"]
[Result "1-0"]
[WhiteElo "2580"]
[BlackElo "2615"]
[PlyCount "123"]
[EventDate "2004.06.05"]
[EventType "tourn (blitz)"]
[EventRounds "12"]
[EventCountry "GER"]
[EventCategory "14"]
[SourceTitle "CBM 100 Extra"]
[Source "ChessBase"]
[SourceDate "2004.07.06"]
[SourceVersion "2"]
[SourceVersionDate "2004.07.06"]
[SourceQuality "1"]

1. e4 c5 2. Nf3 a6 3. c3 e6 4. d4 d5 5. e5 Bd7 6. Bd3 cxd4 7. Nxd4 Nc6 8. Nxc6
Bxc6 9. O-O Ne7 10. Nd2 d4 11. Ne4 Ng6 12. f4 dxc3 13. bxc3 Be7 14. Be3 O-O 15.
c4 f5 16. Nc5 Qc8 17. Nb3 Rd8 18. Qe2 Nf8 19. Rad1 Qc7 20. Qf2 Nd7 21. Rd2 Ba4
22. Rfd1 Bb4 23. Rc2 Bxb3 24. axb3 Nc5 25. Be2 Rxd1+ 26. Bxd1 Ne4 27. Qf1 Bc5
28. Bxc5 Qxc5+ 29. Kh1 Rd8 30. Bf3 Qe3 31. Bxe4 Qxe4 32. Rc1 Rd4 33. Rd1 Qxf4
34. Qg1 Rxd1 35. Qxd1 Qxe5 36. h4 Qc7 37. Qe2 Qc6 38. Qe5 Kf7 39. h5 Qd7 40.
Kh2 Qe7 41. Kh3 g5 42. g4 Qd7 43. Qh8 Qd3+ 44. Kh2 Qe2+ 45. Kh1 Qf3+ 46. Kh2
fxg4 47. Qxh7+ Kf6 48. Qh8+ Ke7 49. Qg7+ Kd6 50. Qxg5 Qf2+ 51. Kh1 g3 52. Qd8+
Kc6 53. Qc8+ Kd6 54. Qd8+ Ke5 55. Qc7+ Kf6 56. Qd8+ Ke5 57. Qc7+ Ke4 58. Qxb7+
Kf5 59. Qf7+ Kg5 60. Qxf2 gxf2 61. Kg2 Kxh5 62. c5 1-0

[Event "ACP Blitz Octofinal-C 3rd"]
[Site "Playchess.com INT"]
[Date "2004.06.05"]
[Round "3"]
[White "Karjakin, Sergey"]
[Black "Fressinet, Laurent"]
[Result "1-0"]
[WhiteElo "2580"]
[BlackElo "2638"]
[PlyCount "153"]
[EventDate "2004.06.05"]
[EventType "tourn (blitz)"]
[EventRounds "12"]
[EventCountry "GER"]
[EventCategory "14"]
[SourceTitle "CBM 100 Extra"]
[Source "ChessBase"]
[SourceDate "2004.07.06"]
[SourceVersion "2"]
[SourceVersionDate "2004.07.06"]
[SourceQuality "1"]

1. e4 e5 2. Nf3 Nc6 3. Bb5 a6 4. Ba4 Nf6 5. O-O Be7 6. Re1 b5 7. Bb3 d6 8. c3
O-O 9. h3 Na5 10. Bc2 c5 11. d4 Nd7 12. Nbd2 exd4 13. cxd4 Nc6 14. d5 Nce5 15.
a4 Rb8 16. axb5 axb5 17. Nh2 Ng6 18. g3 Nf6 19. h4 h5 20. b3 Ng4 21. Ndf3 Bf6
22. Ra2 N6e5 23. Nxe5 Bxe5 24. Nf3 Bc3 25. Bd2 Qf6 26. e5 Nxe5 27. Nxe5 Bxd2
28. Qxd2 dxe5 29. Qe3 Bd7 30. Qxc5 Rfe8 31. Be4 Bf5 32. Rae2 Bg4 33. Rd2 Rec8
34. Qb4 Bf5 35. d6 Rd8 36. Bxf5 Qxf5 37. Qc5 f6 38. Qd5+ Kh8 39. Ra1 Rbc8 40.
Kg2 Rc3 41. Ra7 Qg4 42. Ra8 Rxa8 43. Qxa8+ Rc8 44. Qf3 Qg6 45. Rd5 Rd8 46. Rxb5
Rxd6 47. Rb8+ Kh7 48. Qa8 Qf7 49. Rh8+ Kg6 50. Qe4+ f5 51. Qxe5 Qd5+ 52. Qxd5
Rxd5 53. Rb8 Rd3 54. Rb6+ Kf7 55. Kf1 Rd2 56. b4 Rb2 57. b5 g6 58. Rb8 Kf6 59.
b6 Kg7 60. f4 Kh7 61. Rb7+ Kg8 62. Ke1 Kf8 63. Kd1 Ke8 64. Kc1 Rb5 65. Kc2 Kd8
66. Kc3 Kc8 67. Rc7+ Kb8 68. Rc6 Kb7 69. Rxg6 Rd5 70. Kc4 Rd1 71. Rg5 Rg1 72.
Kd4 Kxb6 73. Ke5 Kc6 74. Kxf5 Kd6 75. Kg6 Ke7 76. Kxh5 Kf6 77. Kg4 1-0

[Event "Keres Memorial op"]
[Site "Tallinn"]
[Date "2004.??.??"]
[Round "?"]
[White "Hennigan, Michael"]
[Black "Karjakin, Sergei"]
[Result "1-0"]
[WhiteElo "2431"]
[BlackElo "2174"]
[PlyCount "81"]
[EventDate "2004.07.14"]
[EventType "swiss"]
[EventRounds "9"]
[EventCountry "EST"]
[SourceTitle "EXT 2018"]
[Source "ChessBase"]
[SourceDate "2017.10.13"]
[SourceVersion "1"]
[SourceVersionDate "2017.10.13"]
[SourceQuality "1"]

1. g3 g6 2. Bg2 Bg7 3. d4 c5 4. c3 cxd4 5. cxd4 d5 6. Nc3 e6 7. Nf3 Nc6 8. O-O
Nge7 9. Bf4 O-O 10. e3 f6 11. h4 e5 12. dxe5 fxe5 13. Bg5 Bg4 14. e4 d4 15.
Qb3+ Kh8 16. Nd5 h6 17. Bxe7 Nxe7 18. Nd2 Rc8 19. Rfc1 Qd7 20. Qa3 Nc6 21. b4
a6 22. Nb6 Qf7 23. f3 Rcd8 24. Qb2 Be6 25. a4 a5 26. bxa5 Nxa5 27. Ra3 h5 28.
Qb5 Nc6 29. Kh2 Bh6 30. Rd1 Qe7 31. Ndc4 g5 32. Nd5 Qg7 33. hxg5 Qxg5 34. Qxb7
Rg8 35. f4 exf4 36. Qxc6 fxg3+ 37. Kg1 Rg6 38. Qc7 Qh4 39. Ne5 Rg7 40. Nf3 Rxc7
41. Nxh4 1-0

[Event "Keres Memorial op"]
[Site "Tallinn"]
[Date "2004.??.??"]
[Round "?"]
[White "Karjakin, Sergei"]
[Black "Soskov, Vjatsheslav"]
[Result "1/2-1/2"]
[WhiteElo "2174"]
[BlackElo "2252"]
[PlyCount "109"]
[EventDate "2004.07.14"]
[EventType "swiss"]
[EventRounds "9"]
[EventCountry "EST"]
[SourceTitle "EXT 2018"]
[Source "ChessBase"]
[SourceDate "2017.10.13"]
[SourceVersion "1"]
[SourceVersionDate "2017.10.13"]
[SourceQuality "1"]

1. e4 c5 2. Nf3 e6 3. d4 cxd4 4. Nxd4 a6 5. Be2 Nf6 6. Nc3 Bb4 7. Qd3 d5 8.
exd5 Nxd5 9. O-O Nxc3 10. bxc3 Be7 11. Qg3 O-O 12. Bf4 Bh4 13. Qe3 Nd7 14. Rfd1
Bf6 15. Bd6 Re8 16. Qg3 Qa5 17. Rd3 Be5 18. Nb3 Bxg3 19. Nxa5 Bxd6 20. Rxd6 Nc5
21. Bf3 Kf8 22. Rb1 Ra7 23. Rb4 Ke7 24. Rdb6 Nd7 25. Rxb7 Bxb7 26. Bxb7 Nb8 27.
Kf1 Kd7 28. c4 Kc7 29. c5 Nd7 30. c6 Nb6 31. c4 Rd8 32. Ke2 Rd4 33. a3 Re4+ 34.
Kd3 Re5 35. Nb3 Rf5 36. f3 Nc8 37. Nd4 Ra5 38. a4 Nd6 39. Nb3 Rg5 40. h4 Rxg2
41. Nc5 Rf2 42. Ke3 Rh2 43. Nxa6+ Rxa6 44. Bxa6 Kxc6 45. Bb5+ Kc5 46. Rb1 Rxh4
47. a5 Rh2 48. Ra1 Nc8 49. a6 Na7 50. Rd1 Ra2 51. Rd7 Nxb5 52. cxb5 Kxb5 53.
Rxf7 Kxa6 54. Rxg7 Rh2 55. Ke4 1/2-1/2